| 000 | 01409 am a2200361ua 4500 | ||
|---|---|---|---|
| 999 |
_c29138 _d29109 |
||
| 001 | 011296053 | ||
| 003 | EG-ScBUE | ||
| 005 | 20210601093618.0 | ||
| 008 | 040304s2003 njua f 001 0 eng d | ||
| 020 | _a0131219766 (pbk.) | ||
| 020 | _a9780131219762 | ||
| 040 |
_aUk _beng _erda _cUk _dEG-ScBUE |
||
| 082 | 0 | 4 |
_a515 _bARM _222 |
| 100 | 1 |
_aArmstrong, Bill _q(William A.) _eauthor. |
|
| 245 | 1 | 0 |
_aBrief calculus : _bsolving problems in business, economics, and the social and behavioral sciences / _cBill Armstrong, Don Davis. |
| 250 |
_aSecond edition, _binternational edition. |
||
| 264 | 1 |
_aNew Jersey : _bPrentice Hall, Pearson Education, _c2003. |
|
| 300 |
_axxii, 702 pages : _billustrations ; _c25 cm |
||
| 336 |
_atext _2rdacontent _btxt |
||
| 337 |
_aunmediated _2rdamedia _bn |
||
| 338 |
_avolume _2rdacarrier _bnc |
||
| 500 | _aPrevious ed. published: 2000. | ||
| 500 | _aIncludes index. | ||
| 650 | 7 |
_aCalculus. _2BUEsh |
|
| 653 |
_bGGEN _cJune2021 |
||
| 655 |
_vReading book _934232 |
||
| 700 | 1 |
_aDavis, Don, _d1958- _eauthor. |
|
| 886 | 2 |
_2ukmarc _a900 _b10 _aArmstrong _hWilliam A. _xSee also _aArmstrong, Bill (William A.) _z100 |
|
| 886 | 2 |
_2ukmarc _a900 _b10 _aDavis _hDonald E. _kDonald Edgar _c1958- _xSee _aDavis, Don, _x1958- _z700 |
|
| 886 | 2 |
_2ukmarc _a900 _b10 _aDavis _hDonald Edgar _c1958- _xSee _aDavis, Don, _x1958- _z700 |
|
| 942 |
_2ddc _cBB |
||